Membre de la Sexion d’Assaut - Statistiques

Statistiques générales
  • Ce quiz a été pris 395 fois
  • Le résultat moyen est 5 sur 8
Statistiques - réponses
Hint Réponse % Correct
Sexion d’assaut Black m
99%
Sexion d’assaut Gims
98%
Sexion d’assaut Lefa
86%
Sexion d’assaut Maska
74%
Sexion d’assaut Jr o crom
53%
Sexion d’assaut Doomams
39%
Sexion d’assaut Lio petrodollars
30%
Sexion d’assaut Adams
24%
Aucun quiz correspondant
Distribution des résultats
% des personnes avec chaque résultat
Percentile par nombre de réponses
Votre historique - résultats
Vous n’avez pas pris ce quiz